[Event "Avicenna op 16th"]
[Site "Hamedan"]
[Date "2019.09.13"]
[Round "2"]
[White "Pilvaieh, Ali"]
[Black "Hakemi, Arman"]
[Result "0-1"]
[WhiteElo "2142"]
[BlackElo "2288"]
[PlyCount "71"]
[EventDate "2019.09.12"]
[EventType "swiss"]
[EventRounds "9"]
[EventCountry "IRI"]
[SourceTitle "EXT 2020"]
[Source "ChessBase"]
[SourceDate "2019.10.17"]
[SourceVersion "1"]
[SourceVersionDate "2019.10.17"]
[SourceQuality "1"]

1. d4 Nf6 2. Bg5 e6 3. e4 h6 4. Bxf6 Qxf6 5. c3 d6 6. Bc4 Qg6 7. Qf3 e5 8. Ne2 Be7 9. Nd2 0-0 10. h3 Bg5 11. Rd1 Be6 12. d5 Bc8 13. g4 Nd7 14. Ng3 Qf6 15. Qe2 g6 16. Ndf1 a5 17. Ne3 Nc5 18. Ng2 Bd7 19. 0-0 h5 20. gxh5 Bxh3 21. b4 Na4 22. Rd3 Bf4 23. hxg6 Qxg6 24. Rb1 f5 25. bxa5 Nc5 26. exf5 Qg5 27. Rdd1 Rxf5 28. Bd3 Rf7 29. Rb4 Rg7 30. Qe1 Rf8 31. Bf1 Bxg2 32. Bxg2 e4 33. Rxe4 Bxg3 34. fxg3 Nxe4 35. Qxe4 Re7 36. Qd4 0-1

[Event "Fajr op 27th"]
[Site "Tehran"]
[Date "2019.02.05"]
[Round "1"]
[White "Ter Sahakyan, Samvel"]
[Black "Pilvaieh, Ali"]
[Result "1-0"]
[WhiteElo "2593"]
[BlackElo "2156"]
[PlyCount "91"]
[EventDate "2019.02.05"]
[EventType "swiss"]
[EventRounds "9"]
[EventCountry "IRI"]
[SourceTitle "CBM 188 Extra"]
[Source "ChessBase"]
[SourceDate "2019.02.28"]
[SourceVersion "1"]
[SourceVersionDate "2019.02.28"]
[SourceQuality "1"]

1. d4 Nf6 2. Nf3 e6 3. c4 c5 4. e3 cxd4 5. exd4 d5 6. Nc3 Be7 7. cxd5 Nxd5 8. Bd3 Nxc3 9. bxc3 Qc7 10. 0-0 Nd7 11. Ng5 Nf6 12. Qf3 0-0 13. Rb1 h6 14. Ne4 Nxe4 15. Bxe4 Bd6 16. h3 f5 17. Bc2 Rb8 18. Re1 Bd7 19. Bb3 Rbe8 20. c4 b6 21. Bb2 Kh7 22. Rbd1 Bc8 23. Qc3 Rf6 24. c5 Be7 25. c6 Rg6 26. Qf3 Rd8 27. Re3 Bg5 28. Re2 e5 29. Rxe5 Qxc6 30. d5 Qd6 31. Re2 Bf6 32. Bc1 Bg5 33. Bxg5 Rxg5 34. Re6 Qb4 35. Rc6 Bd7 36. Rc7 a5 37. d6 a4 38. Bc2 Kh8 39. Qd5 Qh4 40. Qf3 Be8 41. Qc3 Bh5 42. Rc8 Rxc8 43. Qxc8+ Kh7 44. Bxf5+ g6 45. Qb7+ Kh8 46. d7 1-0

[Event "Bandar e Anzali Khazar Cup 16th"]
[Site "Bandar e Anzali"]
[Date "2018.03.06"]
[Round "9"]
[White "Pourramezanali, Amirreza"]
[Black "Pilvaieh, Ali"]
[Result "1-0"]
[WhiteElo "2538"]
[BlackElo "2152"]
[PlyCount "71"]
[EventDate "2018.02.27"]
[EventType "swiss"]
[EventRounds "9"]
[EventCountry "IRI"]
[SourceTitle "CBM 183 Extra"]
[Source "ChessBase"]
[SourceDate "2018.04.19"]
[SourceVersion "1"]
[SourceVersionDate "2018.04.19"]
[SourceQuality "1"]

1. e4 c5 2. Nf3 g6 3. d4 cxd4 4. Nxd4 Nc6 5. c4 Nf6 6. Nc3 d6 7. Be2 Nxd4 8. Qxd4 Bg7 9. Be3 0-0 10. Qd2 a5 11. f3 a4 12. Rb1 Be6 13. Nb5 Nd7 14. 0-0 Qa5 15. Qxa5 Rxa5 16. Nc7 Rc8 17. Nxe6 fxe6 18. f4 Nf6 19. Rfe1 h5 20. Bd2 Raa8 21. Bd3 Ng4 22. e5 Kf7 23. Bc3 Re8 24. Be4 Rac8 25. Bxb7 Rxc4 26. g3 Nh6 27. Ba6 Rc7 28. Bb5 Rb8 29. Bxa4 Nf5 30. Bb3 dxe5 31. fxe5 Bh6 32. Rbd1 Be3+ 33. Kh1 Bb6 34. Re4 Rh8 35. Rd3 g5 36. Rf3 1-0

[Event "Khomeyn Aftab Cup op 1st"]
[Site "Khomeyn"]
[Date "2017.09.03"]
[Round "9"]
[White "Pilvaieh, Ali"]
[Black "Hakemi, Arman"]
[Result "1-0"]
[WhiteElo "2152"]
[BlackElo "2299"]
[PlyCount "85"]
[EventDate "2017.08.29"]
[EventType "swiss"]
[EventRounds "9"]
[EventCountry "IRI"]
[SourceTitle "CBM 180 Extra"]
[Source "ChessBase"]
[SourceDate "2017.10.06"]
[SourceVersion "1"]
[SourceVersionDate "2017.10.06"]
[SourceQuality "1"]

1. e4 e5 2. Nf3 Nc6 3. Bc4 Bc5 4. c3 Nf6 5. d3 d6 6. h3 a6 7. Bb3 Ba7 8. Nbd2 h6 9. Nf1 Be6 10. Qe2 0-0 11. g4 Nd7 12. Bc2 d5 13. Ng3 b5 14. g5 dxe4 15. Nxe4 f5 16. gxh6 fxe4 17. Qxe4 Qf6 18. hxg7 Rf7 19. Ke2 Qxf3+ 20. Qxf3 Rxf3 21. Kxf3 Kxg7 22. Rg1+ Kf7 23. h4 e4+ 24. Kxe4 Re8 25. Kf3 Bd5+ 26. Kg3 Re2 27. Bd1 Bxf2+ 28. Kf4 Re8 29. Bh5+ Ke7 30. Rg7+ Kd8 31. Bxe8 Kxe8 32. Be3 Bxh4 33. c4 bxc4 34. dxc4 Bxc4 35. Rh1 Be7 36. Rh8+ Bf8 37. Rxd7 Kxd7 38. Rxf8 Bxa2 39. Ke4 Be6 40. Bf4 a5 41. Rh8 a4 42. Rh7+ Ke8 43. Rxc7 1-0

[Event "Tehran Paytakht Cup 1st"]
[Site "Tehran"]
[Date "2016.11.01"]
[Round "9"]
[White "Gholami Orimi, Mahdi"]
[Black "Pilvaieh, Ali"]
[Result "1-0"]
[WhiteElo "2312"]
[BlackElo "2179"]
[PlyCount "99"]
[EventDate "2016.10.25"]
[EventType "swiss"]
[EventRounds "9"]
[EventCountry "IRI"]
[SourceTitle "EXT 2018"]
[Source "ChessBase"]
[SourceDate "2017.10.13"]
[SourceVersion "1"]
[SourceVersionDate "2017.10.13"]
[SourceQuality "1"]

1. d4 Nf6 2. c4 g6 3. Nc3 d5 4. cxd5 Nxd5 5. e4 Nxc3 6. bxc3 Bg7 7. Bc4 c5 8. Ne2 Nc6 9. Be3 0-0 10. 0-0 Bd7 11. Rc1 Rc8 12. Qd2 Qa5 13. Qb2 b6 14. Rfd1 Rfd8 15. f4 cxd4 16. cxd4 Bg4 17. e5 Qb4 18. Qxb4 Nxb4 19. Kf2 e6 20. h3 Bxe2 21. Kxe2 Bf8 22. g4 b5 23. Bb3 a5 24. a3 Nd5 25. Bxd5 exd5 26. Rxc8 Rxc8 27. Rb1 b4 28. axb4 Bxb4 29. Rb2 Rc4 30. f5 gxf5 31. gxf5 Kf8 32. h4 h5 33. Kf3 Ke8 34. Rg2 a4 35. Rg8+ Kd7 36. Rg7 a3 37. Rxf7+ Kc6 38. Ra7 Kb6 39. Ra4 Kb5 40. Ra8 Ba5 41. e6 Rc7 42. f6 a2 43. Bd2 Bxd2 44. e7 Rc3+ 45. Ke2 Rc8 46. Rxc8 a1Q 47. e8Q+ Kb4 48. Qe7+ Kb3 49. Rb8+ Kc2 50. Qh7+ 1-0

[Event "IRI-ch"]
[Site "Mashhad"]
[Date "2015.01.25"]
[Round "8"]
[White "Sedaghati, Mehrdad"]
[Black "Pilvaieh, Ali"]
[Result "0-1"]
[WhiteElo "2171"]
[BlackElo "2075"]
[PlyCount "92"]
[EventDate "2015.01.20"]
[EventType "swiss"]
[EventRounds "11"]
[EventCountry "IRI"]
[SourceTitle "CBM 164 Extra"]
[Source "ChessBase"]
[SourceDate "2015.03.02"]
[SourceVersion "1"]
[SourceVersionDate "2015.03.02"]
[SourceQuality "1"]

1. e4 c5 2. Nc3 Nc6 3. g3 g6 4. Bg2 Bg7 5. d3 d6 6. Be3 Rb8 7. Qd2 Nd4 8. Nd1 e5 9. f4 Ne7 10. c3 Ne6 11. Ne2 0-0 12. 0-0 f5 13. d4 exd4 14. cxd4 fxe4 15. Bxe4 Nf5 16. Bxf5 gxf5 17. Bf2 b5 18. Rc1 c4 19. d5 Nc5 20. Bd4 Bb7 21. Bxg7 Kxg7 22. Nf2 Qf6 23. Rfd1 Rfe8 24. Kf1 Qf7 25. b4 cxb3 26. axb3 Kg8 27. Rb1 b4 28. Ng1 Re7 29. Nf3 Ba6+ 30. Kg1 Re2 31. Qd4 Qh5 32. Ng5 Rbe8 33. Ne6 Nxe6 34. dxe6 Bb7 35. Rd3 R8xe6 36. Rf1 Re1 37. g4 Rxf1+ 38. Kxf1 Qxh2 39. Re3 Ba6+ 40. Nd3 Qh1+ 41. Kf2 Qh4+ 42. Rg3 Qh2+ 43. Rg2 Re2+ 44. Kxe2 Qxg2+ 45. Ke1 Bxd3 46. Qxd3 Qe4+ 0-1

[Event "IRI-ch"]
[Site "Mashhad"]
[Date "2015.01.20"]
[Round "1"]
[White "Pilvaieh, Ali"]
[Black "Firouzja, Alireza"]
[Result "1/2-1/2"]
[WhiteElo "2075"]
[BlackElo "2291"]
[PlyCount "154"]
[EventDate "2015.01.20"]
[EventType "swiss"]
[EventRounds "11"]
[EventCountry "IRI"]
[SourceTitle "CBM 164 Extra"]
[Source "ChessBase"]
[SourceDate "2015.03.02"]
[SourceVersion "1"]
[SourceVersionDate "2015.03.02"]
[SourceQuality "1"]

1. e4 c5 2. Nc3 a6 3. g3 b5 4. Bg2 Bb7 5. Nge2 Nc6 6. 0-0 e6 7. d4 cxd4 8. Nxd4 Nge7 9. Nb3 Ng6 10. a4 b4 11. Nb1 a5 12. Be3 Ba6 13. Re1 Nge5 14. Nc5 Nc4 15. Nxa6 Nxe3 16. Rxe3 Rxa6 17. Nd2 Bc5 18. Re1 0-0 19. Qe2 Ra7 20. e5 Bd4 21. Rad1 Qb6 22. Nc4 Qc5 23. Nd6 Bxb2 24. Bxc6 dxc6 25. Qc4 Qxc4 26. Nxc4 Bc3 27. Re2 Rc8 28. Rd6 c5 29. f4 Rb8 30. Kg2 g6 31. Re3 Bd4 32. Rd3 Kf8 33. Kf3 Ke7 34. Ke4 h5 35. h3 Rh8 36. Kf3 Rg8 37. h4 Rb8 38. Ke4 Rab7 39. Rc6 Ra8 40. Nd6 Rd7 41. Nc8+ Ke8 42. Nb6 Ra6 43. Rc8+ Rd8 44. Rxd8+ Kxd8 45. Nc4 Kc7 46. Kf3 Ra8 47. Ke4 Ra6 48. Rf3 Ra7 49. Kd3 Kd7 50. Nd6 Kc6 51. Kc4 Rd7 52. Rd3 f6 53. Ne4 fxe5 54. Nxc5 Re7 55. Nb3 Bc3 56. fxe5 Kb6 57. Rd6+ Kc7 58. Nxa5 Bxe5 59. Rd3 Bc3 60. Re3 e5 61. Nb3 Kd6 62. a5 Kc6 63. Re4 Rc7 64. Nc1 Kd6+ 65. Kd3 Ra7 66. Nb3 Kd5 67. Rc4 Rf7 68. Rc5+ Kd6 69. Ke4 Ra7 70. Rb5 Ra6 71. Rd5+ Kc6 72. Rd8 Kc7 73. Rf8 Rd6 74. Rf7+ Kc6 75. Ra7 Kb5 76. Ra8 Kc6 77. Rb8 Re6 1/2-1/2